header

Maran illustrated yoga (Record no. 157251)

MARC details
000 -LEADER
fixed length control field 01020nam a2200289Ia 4500
082 04 - DEWEY DECIMAL CLASSIFICATION NUMBER
Classification number 181/.45
245 00 - TITLE STATEMENT
Title Maran illustrated yoga
260 ## - PUBLICATION, DISTRIBUTION, ETC. (IMPRINT)
Place of publication Boston, MA :
Name of publisher Thomson Course Technology PTR,
Year of publication 2005.
300 ## - PHYSICAL DESCRIPTION
Number of Pages 303 p. :
Other physical details ill.
500 ## - GENERAL NOTE
General note Includes index.
650 #0 - SUBJECT ADDED ENTRY--TOPICAL TERM
Topical Term Philosophy, Indic.
Topical Term Yoga.
856 40 - ELECTRONIC LOCATION AND ACCESS
Uniform Resource Identifier http://site.ebrary.com/lib/rucke/Doc?id=10082096

No items available.

© 2026 Rongo University
Contact us: librarian | system librarian | Rongo university